<?xml version="1.0" encoding="UTF-8"?><?xml-stylesheet type="text/xsl" href="static/style.xsl"?><OAI-PMH xmlns="http://www.openarchives.org/OAI/2.0/" xmlns:xsi="http://www.w3.org/2001/XMLSchema-instance" xsi:schemaLocation="http://www.openarchives.org/OAI/2.0/ http://www.openarchives.org/OAI/2.0/OAI-PMH.xsd"><responseDate>2026-04-28T17:56:03Z</responseDate><request verb="GetRecord" identifier="oai:riubu.ubu.es:10259/4813" metadataPrefix="marc">https://riubu.ubu.es/oai/request</request><GetRecord><record><header><identifier>oai:riubu.ubu.es:10259/4813</identifier><datestamp>2022-04-29T12:02:46Z</datestamp><setSpec>com_10259_4244</setSpec><setSpec>com_10259_5086</setSpec><setSpec>com_10259_2604</setSpec><setSpec>col_10259_4245</setSpec></header><metadata><record xmlns="http://www.loc.gov/MARC21/slim" xmlns:doc="http://www.lyncode.com/xoai" xmlns:xsi="http://www.w3.org/2001/XMLSchema-instance" xmlns:dcterms="http://purl.org/dc/terms/" xsi:schemaLocation="http://www.loc.gov/MARC21/slim http://www.loc.gov/standards/marcxml/schema/MARC21slim.xsd">
<leader>00925njm 22002777a 4500</leader>
<datafield tag="042" ind1=" " ind2=" ">
<subfield code="a">dc</subfield>
</datafield>
<datafield tag="720" ind1=" " ind2=" ">
<subfield code="a">Illera Gigante, Alba Ester</subfield>
<subfield code="e">author</subfield>
</datafield>
<datafield tag="720" ind1=" " ind2=" ">
<subfield code="a">Sanz Díez, Mª Teresa</subfield>
<subfield code="e">author</subfield>
</datafield>
<datafield tag="720" ind1=" " ind2=" ">
<subfield code="a">Beltrán Calvo, Sagrario</subfield>
<subfield code="e">author</subfield>
</datafield>
<datafield tag="720" ind1=" " ind2=" ">
<subfield code="a">García Solaesa, Ángela</subfield>
<subfield code="e">author</subfield>
</datafield>
<datafield tag="720" ind1=" " ind2=" ">
<subfield code="a">Ruiz Pérez, María Olga</subfield>
<subfield code="e">author</subfield>
</datafield>
<datafield tag="260" ind1=" " ind2=" ">
<subfield code="c">2018-03</subfield>
</datafield>
<datafield tag="520" ind1=" " ind2=" ">
<subfield code="a">Cloudy apple juice has been treated by high pressure carbon dioxide (HPCD) as non-thermal technology to inactive polyphenoloxidase and pectinmethylesterase in batch mode. Stirring speed (from 200 to 600 rpm) induced an increase in the enzyme inactivation rate while a triple cycle of pressurization/depressurization led to the same enzyme inactivation efficiency. Enzyme inactivation kinetics were determined at different temperatures (from 35 to 45 °C) and pressures (from 10 to 20 MPa). Data were described by the first order kinetic model and the Weibull model. For the first order kinetic model, decimal reduction time for HPCD treatment was found to be smaller than for mild heating, in the same temperature range. The same tendency was observed for the first decimal reduction time in the Weibull model. HPCD treatment resulted in a homogenization effect reflected in the shifting of the particle size distribution towards smaller diameters after treatment. HPCD treatment did not result in a change of water and oxalate soluble pectin content, total phenolic compounds and hidroxymethylfurfural content.</subfield>
</datafield>
<datafield tag="024" ind2=" " ind1="8">
<subfield code="a">0260-8774</subfield>
</datafield>
<datafield tag="024" ind2=" " ind1="8">
<subfield code="a">http://hdl.handle.net/10259/4813</subfield>
</datafield>
<datafield tag="024" ind2=" " ind1="8">
<subfield code="a">10.1016/j.jfoodeng.2017.10.017</subfield>
</datafield>
<datafield ind1=" " ind2=" " tag="653">
<subfield code="a">Cloudy apple juice</subfield>
</datafield>
<datafield ind1=" " ind2=" " tag="653">
<subfield code="a">HPCD</subfield>
</datafield>
<datafield ind1=" " ind2=" " tag="653">
<subfield code="a">Inactivation kinetic parameters</subfield>
</datafield>
<datafield ind1=" " ind2=" " tag="653">
<subfield code="a">Properties</subfield>
</datafield>
<datafield tag="245" ind1="0" ind2="0">
<subfield code="a">Evaluation of HPCD batch treatments on enzyme inactivation kinetics and selected quality characteristics of cloudy juice from Golden delicious apples</subfield>
</datafield>
</record></metadata></record></GetRecord></OAI-PMH>